Las ciudades del futuro / (Record no. 176804)

MARC details
000 -LEADER
campo de control de longitud fija 00850nam a22002655i 4500
001 - NÚMERO DE CONTROL
campo de control 176804
003 - IDENTIFICADOR DE NÚMERO DE CONTROL
campo de control ES-MaACL
005 - FECHA Y HORA DE LA ÚLTIMA TRANSACCIÓN
campo de control 20250802222149.0
008 - DATOS DE LONGITUD FIJA--INFORMACIÓN GENERAL
campo de control de longitud fija 110210s1970 sp ao |||| | spa d
080 ## - NÚMERO DE LA CLASIFICACIÓN DECIMAL UNIVERSAL
Número de la Clasificación Decimal Universal 711
080 ## - NÚMERO DE LA CLASIFICACIÓN DECIMAL UNIVERSAL
Número de la Clasificación Decimal Universal 008
100 1# - ENTRADA PRINCIPAL--NOMBRE DE PERSONA
Nombre de persona Ragon, Michel.
9 (RLIN) 94996
245 14 - MENCIÓN DEL TÍTULO
Título Las ciudades del futuro /
Mención de responsabilidad, etc. [Michel Ragon ; traducción de Domingo Santos].
250 ## - MENCION DE EDICION
Mención de edición 1ª ed.
260 ## - PUBLICACIÓN, DISTRIBUCIÓN, ETC.
Lugar de publicación, distribución, etc. Esplugas de Llobregat (Barcelona) :
Nombre del editor, distribuidor, etc. Plaza & Janés,
Fecha de publicación, distribución, etc. 1970.
300 ## - DESCRIPCIÓN FÍSICA
Extensión 254 p. :
Otras características físicas il. bl. y n. ;
Dimensiones 18 cm.
490 1# - MENCIÓN DE SERIE
Mención de serie Enciclopedia Horizonte ;
Designación de volumen o secuencia 13
504 ## - NOTA DE BIBLIOGRAFÍA, ETC.
Nota de bibliografía, etc. Bibliografía: p. 253-254.
650 #7 - PUNTO DE ACCESO ADICIONAL DE MATERIA--TÉRMINO DE MATERIA
Término de materia o nombre geográfico como elemento de entrada Urbanismo
Fuente del encabezamiento o término embne
9 (RLIN) 17692
650 04 - PUNTO DE ACCESO ADICIONAL DE MATERIA--TÉRMINO DE MATERIA
Término de materia o nombre geográfico como elemento de entrada Civilización futura.
9 (RLIN) 11094
700 0# - ENTRADA AGREGADA--NOMBRE PERSONAL
Nombre de persona Santos, Domingo.
9 (RLIN) 103468
830 0# - PUNTO DE ACCESO ADICIONAL DE SERIE-TÍTULO UNIFORME
Título uniforme Enciclopedia Horizonte ;
Designación de volumen o secuencia 13
9 (RLIN) 190248
852 ## - LOCALIZACIÓN
Ubicación ES-MaACL
Número de control de estantería E-14282
Encuadernación Olim P-1404
Holdings
Estatus retirado Estado de pérdida Estado de daño No para préstamo Biblioteca de origen Biblioteca actual Ubicación en estantería Fecha de adquisición Fuente de adquisición Total de préstamos Signatura topográfica completa Código de barras Visto por última vez Precio de reemplazo Tipo de ítem Koha
        Biblioteca del Ateneo de Madrid Biblioteca del Ateneo de Madrid Depósito 2 10/02/2011     E-14282 1185696 23/02/2023 23/02/2023 Libro impreso